Living working countryside (Record no. 108524)

MARC details
000 -LEADER
fixed length control field 04005cad a22004095a 4500
001 - CONTROL NUMBER
control field L144510
008 - FIXED-LENGTH DATA ELEMENTS--GENERAL INFORMATION
fixed length control field 080723e20080723xxkado f s f000 0 eng d
020 ## - INTERNATIONAL STANDARD BOOK NUMBER
International Standard Book Number 9781409803287
035 ## - SYSTEM CONTROL NUMBER
System control number (Sirsi) u144510
041 0# - LANGUAGE CODE
Language code of text/sound track or separate title eng
050 04 - LIBRARY OF CONGRESS CALL NUMBER
Classification number 306.1 $2 18
100 1# - MAIN ENTRY--PERSONAL NAME
Personal name Taylor, Matthew
245 00 - TITLE STATEMENT
Title Living working countryside
Remainder of title the Taylor review of rural economy and affordable housing
Medium [electronic resource]
260 ## - PUBLICATION, DISTRIBUTION, ETC.
Place of publication, distribution, etc. London
Name of publisher, distributor, etc. DCLG
Date of publication, distribution, etc. 2008
505 2# - FORMATTED CONTENTS NOTE
Formatted contents note Living, working countryside: rural pressures - increasingly unsustainable rural communities -- Restrictive planning practice -- Low supply of affordable housing -- Low local wages and unfulfilled economic potential -- Migratory pressure and change -- Unaffordable house prices -- Rural England: understanding the context -- Is England still a green and pleasant land? -- What impact will new housing growth have on the countryside? -- Will these new homes solve rural affordability? -- The sustainability trap -- Conclusion
505 2# - FORMATTED CONTENTS NOTE
Formatted contents note Living, working market towns -- Where new housing growth will impact most: our market towns -- 2020: a missed opportunity? -- The consequences of poorly planned housing growth -- The alternative: new neighbourhoods and community extensions -- Master planning for rural communities -- Genuinely empowering community participation in planning -- Creating greener communities -- Changing planning practice to deliver better places
505 2# - FORMATTED CONTENTS NOTE
Formatted contents note Living, working villages -- What is meant by smaller rural communities? -- Housing need in smaller rural communities -- Policy options for smaller rural communities -- Community led affordable housing: a new approach for exception policy -- Getting landowners to provide more sites -- What kind of affordable housing? -- Second homes and holiday lets
505 2# - FORMATTED CONTENTS NOTE
Formatted contents note Living, working rural economies -- The importance of strong rural economies -- The new rural economies -- Characteristics and challenges for rural economies -- Better support for rural economies: (1) Promoting rural economic development -- (2) Ensuring a good supply of sites and premises -- (3) Better support for home-based business -- Need for better data -- Home extensions -- Home-based work in affordable housing -- Dedicated "live/work" and rural business "hubs"
505 2# - FORMATTED CONTENTS NOTE
Formatted contents note Unblocking the system: (1) Regional spatial strategies (RSSs) -- (2) The local development framework (LDF) process -- (3) Providing strong accessible evidence -- (4) Local authority capacity -- (5) Thresholds for affordable housing contributions -- (6) Assessing economic viability and negotiating with developers -- (7) Pre-application discussions -- (8) The planning inspectorate -- (9) Costs of delivering Affordable Housing
505 2# - FORMATTED CONTENTS NOTE
Formatted contents note Annex A: terms of reference -- Annex B: Consultation process
520 ## - SUMMARY, ETC.
Summary, etc. The Prime Minister asked Matthew Taylor, MP for Truro and St Austell, to conduct a review on how land use and planning can better support rural business and deliver affordable housing. The review was presented to Government on 23 July 2008. A call for evidence was launched seeking the views of a wide range of stakeholders, generating a total of 278 submissions. The review covers responses to the call for evidence.
521 ## - TARGET AUDIENCE NOTE
Target audience note Advanced
590 ## - LOCAL NOTE (RLIN)
Local note KA NTK
650 24 - SUBJECT ADDED ENTRY--TOPICAL TERM
Topical term or geographic name entry element PLANNING POLICY STATEMENT 12
650 24 - SUBJECT ADDED ENTRY--TOPICAL TERM
Topical term or geographic name entry element SCOTT REPORT
650 24 - SUBJECT ADDED ENTRY--TOPICAL TERM
Topical term or geographic name entry element TOWN AND COUNTRY PLANNING ACT 1947
650 24 - SUBJECT ADDED ENTRY--TOPICAL TERM
Topical term or geographic name entry element PLANNING POLICY STATEMENT 1 (DELIVERING SUSTAINABLE DEVELOPMENT)
650 24 - SUBJECT ADDED ENTRY--TOPICAL TERM
Topical term or geographic name entry element PLANNING POLICY STATEMENT 3
650 24 - SUBJECT ADDED ENTRY--TOPICAL TERM
Topical term or geographic name entry element PLANNING POLICY STATEMENT 4
650 24 - SUBJECT ADDED ENTRY--TOPICAL TERM
Topical term or geographic name entry element TOWN AND COUNTRY PLANNING ACT 1990 S106
650 24 - SUBJECT ADDED ENTRY--TOPICAL TERM
Topical term or geographic name entry element BARKER REVIEW OF LAND USE PLANNING
650 24 - SUBJECT ADDED ENTRY--TOPICAL TERM
Topical term or geographic name entry element NEW TOWNS ACT 1946
651 #4 - SUBJECT ADDED ENTRY--GEOGRAPHIC NAME
Geographic name England and Wales
Chronological subdivision 1543-
690 ## - LOCAL SUBJECT ADDED ENTRY--TOPICAL TERM (OCLC, RLIN)
Topical term or geographic name as entry element PROPERTY-RESIDENTIAL PROPERTY-DOMESTIC PROPERTY-HOUSING
856 40 - ELECTRONIC LOCATION AND ACCESS
Uniform Resource Identifier <a href="https://www.communities.gov.uk/publications/planningandbuilding/livingworkingcountryside">https://www.communities.gov.uk/publications/planningandbuilding/livingworkingcountryside</a>
Public note View the report free of charge at www.communities.gov.uk...
942 ## - ADDED ENTRY ELEMENTS (KOHA)
Suppress in OPAC 0
Holdings
Withdrawn status Lost status Source of classification or shelving scheme Damaged status Not for loan Home library Current library Shelving location Date acquired Total Checkouts Full call number Barcode Date last seen Copy number Price effective from Koha item type
    Dewey Decimal Classification     Virtual Virtual Online 23/07/2008   ONLINE PUBLICATION 144510-1001 06/08/2019 1 06/08/2019 Book